| 000 | 00440nam a2200133 a 4500 | ||
|---|---|---|---|
| 001 | 000039440 | ||
| 005 | 20201002031642.0 | ||
| 008 | 130628s1981 dr ac 000 0 spa d | ||
| 040 |
_aDO-SdBNP _bspa _cBNPHU |
||
| 100 | 1 |
_aCastillo Andújar, Rafael _965648 |
|
| 245 | 1 | 0 |
_aNotas sobre fotografía / _cRafael Castillo Andújar. |
| 260 |
_aSanto Domingo : _bSecretaría de Estado de Agricultura, _c1981. |
||
| 300 |
_a63 p. : _bils., retrs. ; _c22 cm. |
||
| 999 |
_c38930 _d38930 |
||